000 00378nam a2200157Ia 4500
005 20250424120315.0
008 250424s9999 xx 000 0 und d
022 _a07941196
050 _aK 1 .N63/
245 0 _aNigerian weekly law reports
260 _aLagos
260 _bNigerian Law Publications Ltd.
260 _c2008
300 _axlv, 637 p. : 25 cm.
942 _cSR
999 _c38572
_d38572